| 000 | 01121nac a22003137a 4500 | ||
|---|---|---|---|
| 001 | BR9802908 | ||
| 003 | BR-BrBNA | ||
| 005 | 20240105122026.0 | ||
| 008 | 230509b bl.|||m| |||| 00| 0 por d | ||
| 040 |
_aBR-BrBNA _bpor _cBiblioteca Nacional de Agricultura |
||
| 072 | _aP31 | ||
| 090 | _aP31 BR9802908 | ||
| 100 | 1 | _aMenk, J.R.F. | |
| 100 | 1 | _aMiranda, J.I. | |
| 110 | 1 |
_aCentro Nacional de Pesquisa de Monitoramento e Avaliacao de Impacto Ambiental, Jaguariuna, SP (Brasil) _91791 |
|
| 245 | 1 | _aLevantamento pedologico e mapeamento do risco de erosao dos solos da microbacia do corrego Taquara Branca, Sumare, SP | |
| 260 | 3 |
_aJaguariuna, SP (Brasil): _c1997. |
|
| 300 | _a31 p. | ||
| 490 |
_aDocumentos - Centro Nacional de Pesquisa de Monitoramento e Avaliacao de Impacto Ambiental (Brazil) _vno. 9 _xISSN 1413-0084 |
||
| 500 | _aSummaries (En, Pt); 7 ref.; 5 tables | ||
| 650 | _aMicrobacia | ||
| 650 | _aReconhecimento do Solo | ||
| 650 | _aErosao | ||
| 650 | _aPedologia | ||
| 650 | _aMapa | ||
| 650 | _aSao Paulo | ||
| 909 |
_a202312 _bLúcia Elande _c55 _dLúcia Elande |
||
| 942 |
_2AGRIS _n0 _cMS |
||
| 999 |
_c288793 _d288793 |
||